01079nam a2200241 a 450000100100000000500170001000800410002704000250006808200190009310000270011224501670013926000910030630000210039749000400041850000680045865000450052670000360057170000420060783000480064904900090069795201160070699900150082200000478620240405184613.0090727s2001 dr 000 0 spa d aDO-SdBNPbspacBNPHU a362.291bB324m1 aBastardo, Deisy91390710aManual para la prevención del uso indebido de drogas en la comunidad /cDeisy Bastardo, María del Carmen Genao ; presentación José Rodríguez Soldevilla. aSanto Domingo :bSecretaría de Estado de Salud Pública y Asistencia Social,c2001. a116 p. ;c23 cm.1 aBiblioteca de la salud mentalvv. 3 aIncluye datos biográficos de las autoras en la contracubierta 4aAbuso de sustanciasxPrevención9139081 aGenao, María del Carmen916341 aRodríguez Soldevilla, José913909 0aBiblioteca de la salud mentalnno. 3913910 aBNPD 0010718PDaPDbPDcCTd2009-07-27iLF1l0o362.291 B324mp4786-10r2020-06-25w2020-06-25yLFPDZNo se presta c4592d4592